Sufi essays (Record no. 22821)

MARC details
000 -LEADER
fixed length control field 00313cam a2200145 4500
020 ## - INTERNATIONAL STANDARD BOOK NUMBER
ISBN 0042970288
082 00 - DEWEY DECIMAL CLASSIFICATION NUMBER
Classification number 297.4
Author Cutter NAS
100 1# - MAIN ENTRY--AUTHOR NAME
Author name Nasr, Seyyed Hossein.
245 10 - TITLE STATEMENT
Title Sufi essays
260 ## - PUBLICATION, DISTRIBUTION, ETC. (IMPRINT)
Place of publication London,
Name of publisher G. Allen and Unwin
Year of publication [1972]
300 ## - PHYSICAL DESCRIPTION
Number of Pages 184 p.
650 #0 - SUBJECT ADDED ENTRY--TOPICAL TERM
Topical Term Sufism.
942 ## - ADDED ENTRY ELEMENTS (KOHA)
Koha item type Books
Holdings
Home library Current library Shelving location Date acquired Source of acquisition Full call number Accession Number Koha item type
Henry Martyn Institute Library Henry Martyn Institute Library General stacks 01/22/2020 Lutheran School of Theology, Chicago 297.4 NAS 11004132 Books
                   Copyright © 2026 | Henry Martyn Institute | Hyderabad | TS-500052 | INDIA | Implemented by hmi.edu.in
Hit-Count:

Powered by Koha